| 000 | 00391nam a2200133Ia 4500 | ||
|---|---|---|---|
| 008 | 231017s9999 xx 000 0 und d | ||
| 082 | _a658.15 | ||
| 082 | _bCAR | ||
| 245 | 4 | _aThe value of the RARF Freeway system: A corporate Style financial analysis | |
| 245 | 0 | _cArizona department of transportation | |
| 260 | _bArizona department of transportation | ||
| 300 | _c30cm | ||
| 942 | _cREP | ||
| 999 |
_c606641 _d606641 |
||